000 01748cam a2200277 i 4500
001 10061436
003 CaAEU
005 20251013114419.0
008 200217s2020 enk 000 0 eng d
020 _a9781786276940
035 _aon1140676814
040 _aYDX
_beng
_erda
_cYDX
_dBDX
_dOCLCQ
_dUKMGB
_dOCLCO
_dOCLCF
_dSINLB
_dOCLCO
_dYDX
_dPTS
_dAEKC
041 _aeng
050 4 _aB49
_b.S74 2020
100 _aSteinbauer, Anja
_eauthor
_926093
245 1 0 _a200 words to help you talk about philosophy
_c/ Anja Steinbauer.
246 3 0 _aTwo hundred words to help you talk about philosophy.
260 _aLondon :
_bLaurence King Publishing,
_c2020.
300 _a127 pages ;
_c19 cm.
505 0 _aAll or Nothing — Knowledge & Ignorance — Self & Identity — Thought & Language — Good & Bad — Meaning & Purpose — Individuals & Society — Art & Beauty — History of Ideas.
520 _aHave you have ever felt at a disadvantage when joining in a conversation on a subject that you aren't confident about? If yes, this new book series is for you. Each book features definitions of two hundred words frequently used to describe and discuss a smart subject. 200 Words to Help You Talk About Philosophy is designed to demystify jargon-based philosophic language and make you at ease holding a conversation on the topic. Philosophy can be baffling, as well as fascinating, to the best of us. Let Anja Steinbauer guide you through doubt, dialectic, Dao, and much more. The book is written with digestible text enabling a quick and easy understanding of various topics while broadening your philosophical vocabulary.
650 0 _aPhilosophy
_vTerminology
_926094
650 0 _aPhilosophy
_92992
655 0 _aTerminology.
942 _2lcc
999 _c5027
_d5027